Безопасность жизнедеятельности. Топографо-геодезические и землеустроительные работы: учебное пособие

Dettagli Bibliografici
Autore principale: Мельников А. А. Александр Александрович
Ente Autore: Московский государственный университет геодезии и картографии
Riassunto:В учебном пособии рассмотрены вопросы обеспечения безопасности жизнедеятельности при выполнении топографо-геодезических и землеустроительных работ в полевых и камеральных условиях. Материал книги не ограничен изложением соответствующих требований техники безопасности. В нее включены главы, посвященные проблемам выживания в различных чрезвычайных ситуациях, пожарной безопасности, а также подробному описанию порядка оказания доврачебной помощи при несчастных случаях. Пособие адресуется студентам и преподавателям топографо-геодезических, землеустроительных и геолого-разведочных специальностей, а также широкому кругу инженерно-технических работников.
Lingua:russo
Pubblicazione: Москва, Академический проект, 2012
Serie:Gaudeamus
Библиотека геодезиста и картографа
Soggetti:
Natura: MixedMaterials Libro
KOHA link:https://koha.lib.tpu.ru/cgi-bin/koha/opac-detail.pl?biblionumber=218172

MARC

LEADER 00000nam0a2200000 4500
001 218172
005 20231101230156.0
010 |a 9785829112899 
010 |a 978-5-904954-10-9 
035 |a (RuTPU)RU\TPU\book\238183 
090 |a 218172 
100 |a 20120615d2012 m y0rusy50 ca 
101 0 |a rus 
102 |a RU 
105 |a a j 001zy 
200 1 |a Безопасность жизнедеятельности. Топографо-геодезические и землеустроительные работы  |e учебное пособие  |f А. А. Мельников  |g Московский государственный университет геодезии и картографии 
210 |a Москва  |c Академический проект  |c Трикста  |d 2012 
215 |a 332 с.  |c ил. 
225 1 |a Gaudeamus 
225 1 |a Библиотека геодезиста и картографа 
320 |a Библиогр.: с. 326-328. 
330 |a В учебном пособии рассмотрены вопросы обеспечения безопасности жизнедеятельности при выполнении топографо-геодезических и землеустроительных работ в полевых и камеральных условиях. Материал книги не ограничен изложением соответствующих требований техники безопасности. В нее включены главы, посвященные проблемам выживания в различных чрезвычайных ситуациях, пожарной безопасности, а также подробному описанию порядка оказания доврачебной помощи при несчастных случаях. Пособие адресуется студентам и преподавателям топографо-геодезических, землеустроительных и геолого-разведочных специальностей, а также широкому кругу инженерно-технических работников. 
606 1 |a Топографо-геодезические работы  |x Техника безопасности  |2 stltpush  |3 (RuTPU)RU\TPU\subj\60993  |9 78210 
610 1 |a геодезия 
610 1 |a безопасность жизнедеятельности 
610 1 |a жизнедеятельность 
610 1 |a опасности 
610 1 |a несчастные случаи 
610 1 |a государственный надзор 
610 1 |a охрана труда 
610 1 |a законодательство о труде 
610 1 |a чрезвычайные ситуации 
610 1 |a природные условия 
610 1 |a городская съемка 
610 1 |a городские геодезические сети 
610 1 |a транспортные магистрали 
610 1 |a подземное строительство 
610 1 |a камеральные работы 
610 1 |a пожарная безопасность 
610 1 |a первая доврачебная помощь 
610 1 |a землеустроительные работы 
610 1 |a электробезопасность 
610 1 |a микроклимат 
610 1 |a освещение 
610 1 |a рабочее место 
610 1 |a учебные пособия 
675 |a 528.4(075.8)  |v 3 
700 1 |a Мельников  |b А. А.  |g Александр Александрович 
712 0 2 |a Московский государственный университет геодезии и картографии  |2 stltpush  |3 (RuTPU)RU\TPU\col\3901  |9 23898 
801 1 |a RU  |b 63413507  |c 20120615 
801 2 |a RU  |b 63413507  |c 20191225  |g RCR 
900 |a Безопасность жизнедеятельности 
900 |a Геодезические работы при землеустройстве 
942 |c BK 
951 |b 120000 
959 |a 92/20120615  |d 5  |e 310,00  |f ЧЗТЛ:1  |f АНЛ:1  |f УФ:3